| 000 | 01895cam a22002174a 4500 | ||
|---|---|---|---|
| 005 | 20251209114554.0 | ||
| 008 | 250528s ||||||||||||||||||||||||d | ||
| 035 | _a19166 | ||
| 020 | _a9600107688 | ||
| 040 |
_aGR-AtMCL _bgre _dGR-AtMCL _eAACR2 |
||
| 245 | 1 | _aΑυτισμός / Σύγχρονη Ψυχολογική Θεώρηση | |
| 250 | _a2η | ||
| 260 |
_bGutenberg, _c2003 |
||
| 300 | _a288 | ||
| 520 | _aΜια ουσιαστική επιστημονική εισαγωγή για όλους εκείνους που επιλέγουν να μελετήσουν τον αυτισμό στις επιστήμες της ψυχολογίας, της ιατρικής, της λογοθεραπείας και της παιδαγωγικής, σ' ένα επίπεδο προπτυχιακό και μεταπτυχιακό. Πρόλογος, Εισαγωγή, Η Ιστορία του Αυτισμού, Αυτισμός στο Επίπεδο Συμπεριφοράς, Αυτισμός στο Βιολογικό Επίπεδο, Αυτισμός στο Γνωστικό Επίπεδο: Κατανοώντας τις Γνωστικές Λειτουργίες, Αυτισμός στο Γνωστικό Επίπεδο: Εναλλακτικές Θεωρίες, Η Ταλαντούχος Μειοψηφία, Σύνδρομο Asperger, Αυτισμός και μη Αυτισμός, Άλλα Ερωτήματα: Μια Ματιά στο Μέλλον, Βιβλιογραφία, Παραρτήματα, Συμπληρωματική Βιβλιογραφία, Κλίμακες Διάγνωσης και Αξιολόγησης Παιδιών με Αυτισμό, Πίνακας Συγγραφέων και Όρων, Γλωσσάρι ΌΌρων. | ||
| 700 | 1 |
_aHappé, Francesca _95407 |
|
| 700 | 1 | _aΣτασινός Δημήτρης Π | |
| 942 | _cBK | ||
| 999 |
_c4440 _d4440 |
||